भारत-रत्न डॉ० बी. आर. अम्बेडकर : (Record no. 119096)

MARC details
000 -LEADER
fixed length control field 01368nam a22002777a 4500
005 - DATE AND TIME OF LATEST TRANSACTION
control field 20170124103127.0
010 ## - LIBRARY OF CONGRESS CONTROL NUMBER
LC control number A-971637
020 ## - INTERNATIONAL STANDARD BOOK NUMBER
Terms of availability 180.00
035 ## - SYSTEM CONTROL NUMBER
System control number A-971637
037 ## - SOURCE OF ACQUISITION
Source of stock number/acquisition Cen Lib/Ret
040 ## - CATALOGING SOURCE
Original cataloging agency DPL
Language of cataloging HN
082 ## - DEWEY DECIMAL CLASSIFICATION NUMBER
Classification number 305.562
Item number मेघवा
100 ## - MAIN ENTRY--PERSONAL NAME
Personal name मेघवाल, बी. एल
9 (RLIN) 83325
245 ## - TITLE STATEMENT
Title भारत-रत्न डॉ० बी. आर. अम्बेडकर :
Statement of responsibility, etc बी. एल मेघवाल [और] आर. ए. एस
Remainder of title सामाजिक-आर्थिक स्वतंत्रता संग्राम के महानायक /
246 ## - VARYING FORM OF TITLE
Title proper/short title Bharat-ratan dr. Ambedkar : samajik-arthik swatantra sangram ke mahanayak /
Remainder of title by B. L. Meghwal [aur] R. A. S
260 ## - PUBLICATION, DISTRIBUTION, ETC. (IMPRINT)
Place of publication, distribution, etc जयपुर
Name of publisher, distributor, etc संधी प्रकाशन
Date of publication, distribution, etc 1998
270 ## - ADDRESS
Address सी-177, महावीर मार्ग
City जयपुर
Postal code 302017
300 ## - PHYSICAL DESCRIPTION
Extent 166पृ.
Dimensions 21सेमी(सजिल्द)
500 ## - GENERAL NOTE
General note अनुक्रमणिका शामिल
650 ## - SUBJECT ADDED ENTRY--TOPICAL TERM
Topical term or geographic name as entry element राजनीति विज्ञान
9 (RLIN) 83326
650 ## - SUBJECT ADDED ENTRY--TOPICAL TERM
Topical term or geographic name as entry element डॉ० बी. आर. अम्बेडकर का युग
9 (RLIN) 83327
650 ## - SUBJECT ADDED ENTRY--TOPICAL TERM
Topical term or geographic name as entry element Political science
9 (RLIN) 83328
650 ## - SUBJECT ADDED ENTRY--TOPICAL TERM
Topical term or geographic name as entry element Dr. B. R. Ambedkar's era
9 (RLIN) 83329
700 ## - ADDED ENTRY--PERSONAL NAME
Personal name R. A. S
9 (RLIN) 83330
942 ## - ADDED ENTRY ELEMENTS (KOHA)
Source of classification or shelving scheme Dewey Decimal Classification
Koha item type Hindi Books
Classification part 305.562
Call number suffix मेघवा
Holdings
Withdrawn status Lost status Damaged status Not for loan Home library Current library Date acquired Source of acquisition Cost, normal purchase price Total Checkouts Full call number Barcode Date last seen Copy number Cost, replacement price Price effective from Koha item type
        Central Library Central Library 15/09/2015 Cen Lib/Ret 180.00   305.562 मेघवा A-971637 15/09/2015 1 180.00 15/09/2015 Hindi Books

© Delhi Public Library
Hit Counter
free hit counter